Um film falado A talking picture = Λόγια μιας ταινίας
Μια καθηγήτρια ιστορίας ξεκινά με την κόρη της, μια κρουαζιέρα από τη Μεσόγειο ως τη Βομβάη. Στο ταξίδι γνωρίζονται με τον αμερικανό καπετάνιο καθώς και με μια διάσημη γαλλίδα επιχειρηματία, μια ελληνίδα τραγουδίστρια και μια ιταλίδα πρώην μοντέλο. Καθώς όμως το πλοίο πλησιάζει τον Περσικό Κόλπο, μι...
Αποθηκεύτηκε σε:
| Άλλοι συγγραφείς: | , , , , , |
|---|---|
| Μορφή: | |
| Γλώσσα: | Portuguese English French Italian Greek |
| Δημοσίευση: |
Αθήνα :
ArtFree,
2005.
|
| Θέματα: | |
| Ετικέτες: |
Προσθήκη ετικέτας
Δεν υπάρχουν, Καταχωρήστε ετικέτα πρώτοι!
|
MARC
| LEADER | 00000cgm a2200000 i 4500 | ||
|---|---|---|---|
| 001 | 1/102361 | ||
| 008 | 090309s2005 gr ||| | || ||por|| | ||
| 035 | |l 10103632 | ||
| 040 | |a GR-MyUa |b gre |e AACR2 | ||
| 041 | 0 | |a por |a eng |a fre |a ita |a gre |j gre | |
| 082 | 7 | |a 791.437 |2 (22) | |
| 245 | 1 | 3 | |a Um film falado |h [μαγνητοσκόπηση] = |b A talking picture = Λόγια μιας ταινίας / |c σενάριο-σκηνοθεσία Μανοέλ Ντε Ολιβέιρα. |
| 246 | 1 | |i Παράλληλος τίτλος: |a A talking picture | |
| 246 | 1 | |i Παράλληλος τίτλος: |a Λόγια μιας ταινίας | |
| 260 | |a Αθήνα : |b ArtFree, |c 2005. | ||
| 300 | |a 1 βιντεοδίσκος (91 λεπτ.) : |b ομίλ., έγχρ. ; |c 4 3/4 ίν. | ||
| 500 | |a Κυκλοφόρησε πρώτη φορά ως κινηματογραφική ταινία το 2003. | ||
| 508 | |a Παραγωγή, Πάουλο Μπράνκο. | ||
| 511 | 0 | |a Λεονόρ Σιλβέιρα, Τζον Μάλκοβιτς, Κατρίν Ντενέβ, Σταφανία Σαντρέλι, Ειρήνη Παππά, Φιλίπα Ντε Αλμέιδα, Λούις Μιγκέλ Σίντρα. | |
| 520 | 8 | |a Μια καθηγήτρια ιστορίας ξεκινά με την κόρη της, μια κρουαζιέρα από τη Μεσόγειο ως τη Βομβάη. Στο ταξίδι γνωρίζονται με τον αμερικανό καπετάνιο καθώς και με μια διάσημη γαλλίδα επιχειρηματία, μια ελληνίδα τραγουδίστρια και μια ιταλίδα πρώην μοντέλο. Καθώς όμως το πλοίο πλησιάζει τον Περσικό Κόλπο, μια παράξενη απειλή τρομοκρατεί το πλοίο και θέτει σε κίνδυνο τις ζωές των επιβατών. | |
| 546 | |a Στα πορτογαλικά με υπότιτλους στα ελληνικά. | ||
| 586 | 8 | |a Ειδικό Βραβείο, Φεστιβάλ Βενετίας | |
| 650 | 0 | |a Mothers and daughters |v Drama. | |
| 655 | 7 | |a Feature films |2 lcgft | |
| 700 | 1 | |a Oliveira, Manoel de, |d 1908-2015, |e aus |e drt | |
| 700 | 1 | |a Silveira, Leonor, |d 1970- |e act | |
| 700 | 1 | |a Deneuve, Catherine, |d 1943- |e act | |
| 700 | 1 | |a Παπά, Ειρήνη, |d 1927- |e act | |
| 700 | 1 | |a Sandrelli, Stefania, |e act | |
| 700 | 1 | |a Malkovich, John, |e act | |
| 852 | |a INST |b SYROS |c AV |e 20090309 |h 791.437 OLI |p 005500008631 |q 005500008631 |t DVD |y 23 | ||
| 901 | |a BIBL5-2008-1 | ||
| 922 | |a 5ΕΛΗ |b 200709 |c Βιβλιοθήκη Σύρου |d Anaco | ||
| 970 | |a Κοντού |b Παρασκευή |z 09/03/2009 | ||